Silas Marner, (Record no. 174637)

000 -LEADER
fixed length control field 00926cam a2200277u 4500
001 - CONTROL NUMBER
control field 7720732
003 - CONTROL NUMBER IDENTIFIER
control field Nust
005 - DATE AND TIME OF LATEST TRANSACTION
control field 20170204174034.0
008 - FIXED-LENGTH DATA ELEMENTS--GENERAL INFORMATION
fixed length control field 830419s1899 mau 000 0 eng
010 ## - LIBRARY OF CONGRESS CONTROL NUMBER
LC control number 99002779
020 ## - INTERNATIONAL STANDARD BOOK NUMBER
International Standard Book Number 978-0737703580
020 ## - INTERNATIONAL STANDARD BOOK NUMBER
International Standard Book Number 073770358X
040 ## - CATALOGING SOURCE
Original cataloging agency DLC
Transcribing agency DLC
050 00 - LIBRARY OF CONGRESS CALL NUMBER
Classification number PZ3.E43
Item number Si23
Classification number PR4670
082 ## - DEWEY DECIMAL CLASSIFICATION NUMBER
Classification number 823
Author Mark ELI
100 1# - MAIN ENTRY--PERSONAL NAME
Personal name Eliot, George,
Dates associated with a name 1819-1880.
245 10 - TITLE STATEMENT
Title Silas Marner,
Remainder of title the Lifted Veil Brother jacob Poems,
260 ## - PUBLICATION, DISTRIBUTION, ETC.
Place of publication, distribution, etc. New Delhi,
Name of publisher, distributor, etc. Rupa
Date of publication, distribution, etc. 2000
300 ## - PHYSICAL DESCRIPTION
Extent 287 p.
Dimensions 18 cm.
650 #0 - SUBJECT ADDED ENTRY--TOPICAL TERM
Topical term or geographic name entry element Fathers and daughters
Form subdivision Fiction.
650 #0 - SUBJECT ADDED ENTRY--TOPICAL TERM
Topical term or geographic name entry element Adopted children
Form subdivision Fiction.
650 #0 - SUBJECT ADDED ENTRY--TOPICAL TERM
Topical term or geographic name entry element Foundlings
Form subdivision Fiction.
650 #0 - SUBJECT ADDED ENTRY--TOPICAL TERM
Topical term or geographic name entry element Weavers
Form subdivision Fiction.
651 #0 - SUBJECT ADDED ENTRY--GEOGRAPHIC NAME
Geographic name England
Form subdivision Fiction.
655 #7 - INDEX TERM--GENRE/FORM
Genre/form data or focus term Domestic fiction.
Source of term lcsh
700 1# - ADDED ENTRY--PERSONAL NAME
Personal name Davidson, Hannah Amelia (Noyes),
Dates associated with a name 1852-1932.
906 ## - LOCAL DATA ELEMENT F, LDF (RLIN)
a 0
b cbc
c premunv
d u
e ncip
f 18
g y-gencatlg
942 ## - ADDED ENTRY ELEMENTS (KOHA)
Source of classification or shelving scheme
Koha item type Book
Holdings
Withdrawn status Lost status Source of classification or shelving scheme Damaged status Not for loan Permanent Location Current Location Shelving location Date acquired Full call number Barcode Date last seen Copy number Price effective from Koha item type
          Central Library (CL) Central Library (CL) Fiction 02/04/2017 823.8 ELI CL932 02/04/2017 1 02/04/2017 Book
© 2023 Central Library, National University of Sciences and Technology. All Rights Reserved.